[Event "Frankfurt Ch 2010"]
[Site "Ffm-Kalbach, LAZ"]
[Date "2010.05.31"]
[Round "5.55"]
[White "Knott, Tilo"]
[Black "Bitzer, André"]
[Result "1/2-1/2"]
[WhiteElo "1484"]
[BlackElo "1720"]
[PlyCount "83"]
[EventDate "2010.??.??"]
[SourceDate "2009.03.13"]
[WhiteTeam "SC Brett vor'm Kopp Ffm"]
[BlackTeam "SV Griesheim(DA)"]

1. d4 Nf6 2. Nc3 e6 3. Nf3 b6 4. Bg5 Bb7 5. e3 Be7 6. Be2 O-O 7. O-O d5 8. Bf4
Nbd7 9. Nb5 c6 10. Nd6 Bxd6 11. Bxd6 Re8 12. Bg3 Rc8 13. Bh4 e5 14. c3 e4 15.
Nd2 c5 16. b3 Qe7 17. a4 a6 18. Rc1 Qe6 19. f4 exf3 20. Rxf3 Ng4 21. Nf1 f5 22.
Bd3 g6 23. h3 Ngf6 24. Bb1 Ne4 25. Nd2 Ndf6 26. Bxf6 Nxf6 27. Qf1 Rf8 28. Bd3
Kg7 29. Qf2 Ne4 30. Bxe4 fxe4 31. Rxf8 Rxf8 32. Qg3 Qe7 33. Rf1 Rxf1+ 34. Kxf1
a5 35. Ke2 cxd4 36. cxd4 Ba6+ 37. Kf2 b5 38. Qf4 b4 39. Kg1 Qe6 40. Qc7+ Kh6
41. Qf4+ g5 42. Qf8+ 1/2-1/2

[Event "Frankfurt Ch 2010"]
[Site "Ffm-Kalbach, LAZ"]
[Date "2010.05.31"]
[Round "5.56"]
[White "Fischer, Lutz"]
[Black "Barisch, Florian"]
[Result "0-1"]
[WhiteElo "1456"]
[BlackElo "1932"]
[PlyCount "86"]
[EventDate "2010.??.??"]
[SourceDate "2009.03.13"]
[WhiteTeam "Sfr. Frankfurt 1921"]
[BlackTeam "SV 1934 Ffm-Griesheim"]

1. e4 c5 2. Nf3 Nc6 3. d4 cxd4 4. Nxd4 Nf6 5. Nc3 d6 6. Bg5 e6 7. Be2 Be7 8.
Qd2 O-O 9. Ndb5 Qa5 10. f4 Rd8 11. Bxf6 Bxf6 12. Nxd6 Be7 13. e5 Nxe5 14. fxe5
Qxe5 15. Nc4 Bh4+ 16. g3 Bxg3+ 17. hxg3 Qxg3+ 18. Kd1 Rxd2+ 19. Kxd2 Qf4+ 20.
Ne3 b6 21. Raf1 Qd4+ 22. Bd3 Ba6 23. Rfg1 Bxd3 24. cxd3 Rd8 25. Nc2 Qxd3+ 26.
Kc1 Rc8 27. Rd1 Qf5 28. Rhf1 Qg5+ 29. Kb1 Rd8 30. Ne4 Rxd1+ 31. Rxd1 Qe7 32.
Nb4 h5 33. Nc6 Qc7 34. Rc1 h4 35. Ng5 g6 36. Nd4 Qe5 37. Ndf3 Qf5+ 38. Ka1 h3
39. Rc8+ Kg7 40. Rc7 h2 41. Rc1 e5 42. Rh1 e4 43. Rxh2 exf3 0-1

[Event "Frankfurt Ch 2010"]
[Site "Ffm-Kalbach, LAZ"]
[Date "2010.05.31"]
[Round "5.57"]
[White "Hartmann, Stephan"]
[Black "Zerhusen, Martin"]
[Result "1/2-1/2"]
[WhiteElo "1406"]
[BlackElo "1696"]
[PlyCount "163"]
[EventDate "2010.??.??"]
[SourceDate "2009.03.13"]
[WhiteTeam "SG Turm Idstein"]
[BlackTeam "SV Oberursel"]

1. e4 c5 2. Nf3 Nc6 3. c3 d5 4. exd5 Qxd5 5. Be2 e6 6. d4 cxd4 7. cxd4 Nf6 8.
Nc3 Qd8 9. Bg5 Be7 10. O-O O-O 11. Rc1 a6 12. a3 Nd5 13. Bxe7 Ncxe7 14. Re1 b6
15. Nxd5 Nxd5 16. Ne5 Bb7 17. Bf3 Qd6 18. Nc4 Qd8 19. Ne3 Qd7 20. Nxd5 Bxd5 21.
Bxd5 Qxd5 22. Re5 Qd6 23. Re2 Rfd8 24. Rd2 Rd7 25. Rc3 Rad8 26. Rcd3 Qd5 27. h3
b5 28. b4 Rc7 29. Rc2 Rdc8 30. Rxc7 Rxc7 31. Qd2 h6 32. f3 Qc4 33. Kf2 Qc1 34.
Qxc1 Rxc1 35. Ke2 Rc2+ 36. Rd2 Rxd2+ 37. Kxd2 Kf8 38. Kd3 Ke7 39. Ke4 Kd6 40.
g4 g5 41. f4 gxf4 42. Kxf4 Kd5 43. Ke3 Kc4 44. Ke4 f6 45. h4 Kb3 46. d5 exd5+
47. Kxd5 Kxa3 48. Ke6 Kxb4 49. Kxf6 a5 50. g5 hxg5 51. hxg5 a4 52. g6 a3 53. g7
a2 54. g8=Q a1=Q+ 55. Ke7 Qe5+ 56. Kd7 Qf5+ 57. Ke7 Qc5+ 58. Kf6 Qc4 59. Qf8+
Kb3 60. Qa8 Qc3+ 61. Ke7 b4 62. Qd5+ Kb2 63. Qg2+ Qc2 64. Qg7+ Ka2 65. Qg8+ b3
66. Qa8+ Kb1 67. Qh1+ Qc1 68. Qe4+ Qc2 69. Qe1+ Kb2 70. Qe5+ Kc1 71. Qe1+ Qd1
72. Qc3+ Kb1 73. Kf7 b2 74. Ke8 Qa4+ 75. Kf8 Ka2 76. Qd2 Qa3+ 77. Ke8 Qb3 78.
Qa5+ Qa3 79. Qd2 Qa4+ 80. Kf7 Ka1 81. Qc3 Qa7+ 82. Ke8 1/2-1/2

[Event "Frankfurt Ch 2010"]
[Site "Ffm-Kalbach, LAZ"]
[Date "2010.05.31"]
[Round "5.58"]
[White "Miller, Justin"]
[Black "Cipca, Adrian"]
[Result "1-0"]
[WhiteElo "1311"]
[BlackElo "1689"]
[PlyCount "35"]
[EventDate "2010.??.??"]
[SourceDate "2009.03.13"]
[WhiteTeam "Sfr.1932 Kelkheim"]
[BlackTeam "SK Bad Homburg 1927"]

1. e4 c5 2. Nf3 d6 3. d4 cxd4 4. Nxd4 Nf6 5. Nc3 g6 6. Be3 Nc6 7. f3 Bg7 8. Qd2
O-O 9. O-O-O Bd7 10. g4 a6 11. h4 h5 12. Nd5 hxg4 13. Nxf6+ Bxf6 14. Nxc6 bxc6
15. h5 Rb8 16. b3 a5 17. hxg6 a4 18. Qh2 1-0

[Event "Frankfurt Ch 2010"]
[Site "Ffm-Kalbach, LAZ"]
[Date "2010.05.31"]
[Round "5.59"]
[White "Willenbring, Jens-Dirk"]
[Black "Bittner, Peter"]
[Result "1/2-1/2"]
[WhiteElo "1397"]
[BlackElo "1967"]
[PlyCount "95"]
[EventDate "2010.??.??"]
[SourceDate "2009.03.13"]
[WhiteTeam "Bad Vilbeler Sfr.1985"]
[BlackTeam "SC Brett vor'm Kopp Ffm"]

1. d4 d5 2. Nf3 Nf6 3. Bf4 e6 4. e3 c5 5. c3 Nc6 6. Nbd2 cxd4 7. exd4 Be7 8.
Bd3 O-O 9. Qc2 h6 10. h3 Bd6 11. Ne5 Qc7 12. Ndf3 Nd7 13. Nxd7 Bxd7 14. Bxd6
Qxd6 15. O-O Rac8 16. Qe2 Rce8 17. Rfe1 Re7 18. Ne5 Nxe5 19. Qxe5 Qxe5 20. Rxe5
f6 21. Re3 e5 22. dxe5 fxe5 23. Rae1 e4 24. Bc2 Ref7 25. R1e2 Bc6 26. Bb3 Kh8
27. Rd2 b5 28. Ree2 Rd7 29. Rd4 a5 30. a3 Rfd8 31. Re3 Rb8 32. f3 exf3 33. Rxf3
Re8 34. Rdf4 Re2 35. Rf2 Rde7 36. Rf8+ Kh7 37. Bc2+ g6 38. R2f7+ Rxf7 39. Rxf7+
Kg8 40. Rf2 Re6 41. Kf1 Kg7 42. Re2 Rxe2 43. Kxe2 g5 44. g3 Kf6 45. Ke3 Ke5 46.
Bd3 a4 47. Be2 Be8 48. Bf3 1/2-1/2

[Event "Frankfurt Ch 2010"]
[Site "Ffm-Kalbach, LAZ"]
[Date "2010.05.31"]
[Round "5.62"]
[White "Geipert, Wilfried"]
[Black "Heun, Andreas"]
[Result "1/2-1/2"]
[WhiteElo "1699"]
[BlackElo "1464"]
[PlyCount "44"]
[EventDate "2010.??.??"]
[SourceDate "2009.03.13"]
[WhiteTeam "SC Brett vor'm Kopp Ffm"]
[BlackTeam "SC Ladja Roßdorf"]

1. d4 Nf6 2. c4 g6 3. Nc3 Bg7 4. e4 d6 5. f3 O-O 6. Be3 Nbd7 7. Nge2 c5 8. Qd2
a6 9. Rd1 Qa5 10. Ng3 Qc7 11. d5 Ne5 12. Be2 h5 13. h3 h4 14. Nf1 Ned7 15. Bg5
b5 16. cxb5 axb5 17. Bxb5 Qa5 18. Bc6 Rb8 19. Ne3 Ba6 20. Kf2 Ne5 21. Rb1 Qd8
22. Kg1 Nh5 1/2-1/2

[Event "Frankfurt Ch 2010"]
[Site "Ffm-Kalbach, LAZ"]
[Date "2010.05.31"]
[Round "5.63"]
[White "Krischak, Werner"]
[Black "Herwig-Päutz, Martin"]
[Result "1-0"]
[WhiteElo "1827"]
[BlackElo "1418"]
[PlyCount "81"]
[EventDate "2010.??.??"]
[SourceDate "2009.03.13"]
[WhiteTeam "SK Marburg 1931/72"]
[BlackTeam "SC Nidderau"]

1. d4 Nf6 2. Nf3 e6 3. c4 Bb4+ 4. Bd2 Qe7 5. Qc2 Nc6 6. e3 b6 7. Bd3 Bb7 8. a3
Bxd2+ 9. Nbxd2 d5 10. O-O O-O-O 11. b4 Kb8 12. c5 h5 13. Bb5 g5 14. Bxc6 Bxc6
15. cxb6 Bb5 16. bxc7+ Qxc7 17. Qxc7+ Kxc7 18. Rfc1+ Kd6 19. Nxg5 Ke7 20. Rc7+
Rd7 21. Rac1 Rg8 22. Ngf3 Ng4 23. h3 Nf6 24. Ne5 Rxc7 25. Rxc7+ Bd7 26. Nb3 Kd8
27. Rxa7 Rg7 28. Nc5 Be8 29. Nxe6+ fxe6 30. Rxg7 h4 31. Nd3 Nd7 32. Nc5 Nb6 33.
Nb7+ Kc8 34. Nd6+ Kd8 35. Rg8 e5 36. Rxe8+ Kd7 37. Rb8 Nc4 38. Nxc4 dxc4 39.
Rb5 exd4 40. exd4 Kc6 41. Rc5+ 1-0

[Event "Frankfurt Ch 2010"]
[Site "Ffm-Kalbach, LAZ"]
[Date "2010.05.31"]
[Round "5.64"]
[White "Bender, Manfred"]
[Black "Stulken, Dietmar"]
[Result "1-0"]
[WhiteElo "1821"]
[BlackElo "1373"]
[PlyCount "57"]
[EventDate "2010.??.??"]
[SourceDate "2009.03.13"]
[WhiteTeam "Sfr. Taunus"]
[BlackTeam "SC Brett vor'm Kopp Ffm"]

1. e4 e5 2. Nf3 Nc6 3. Bb5 f5 4. d3 fxe4 5. dxe4 Nf6 6. O-O Nxe4 7. Bxc6 bxc6
8. Nxe5 Qf6 9. Nd3 Be7 10. Qh5+ Qf7 11. Qxf7+ Kxf7 12. Re1 d5 13. Ne5+ Ke8 14.
Nxc6 Bc5 15. Be3 Kd7 16. Ne5+ Ke6 17. Bxc5 Kxe5 18. f3 Bf5 19. fxe4 dxe4 20. c4
a6 21. Nc3 Rad8 22. Re2 Rhe8 23. Rae1 Kf6 24. Nxe4+ Bxe4 25. Rxe4 Rxe4 26. Rxe4
Rd1+ 27. Kf2 Rd2+ 28. Kf3 Rxb2 29. Bd4+ 1-0

[Event "Frankfurt Ch 2010"]
[Site "Ffm-Kalbach, LAZ"]
[Date "2010.05.31"]
[Round "5.65"]
[White "Lopez-Fuertes, Victor"]
[Black "Henrich, Gerhard"]
[Result "1-0"]
[WhiteElo "1334"]
[BlackElo "1120"]
[PlyCount "147"]
[EventDate "2010.??.??"]
[SourceDate "2009.03.13"]
[WhiteTeam "SC 1910 Höchst"]
[BlackTeam "SV 1920 Hofheim"]

1. e4 e5 2. Nf3 Nf6 3. Nc3 Nc6 4. d4 Bb4 5. Bg5 h6 6. Bd2 exd4 7. Nd5 Bxd2+ 8.
Qxd2 Nxe4 9. Qf4 Nd6 10. Bd3 O-O 11. O-O f6 12. Qh4 Ne7 13. Qh5 Nxd5 14. Qxd5+
Nf7 15. Qe4 Re8 16. Qh7+ Kf8 17. Nxd4 Ng5 18. Qg6 Qe7 19. Bc4 Qe4 20. Nf5 Re7
21. Nxe7 Qxc4 22. Rfe1 Qf7 23. Qf5 Ne6 24. Ng6+ Kg8 25. Nf4 c6 26. Nxe6 dxe6
27. Qc5 Bd7 28. Re3 b6 29. Qd6 e5 30. Rd1 Be8 31. b3 c5 32. c4 Rc8 33. Qd2 Bc6
34. Qc3 Qg6 35. Rg3 Qh5 36. Qa1 e4 37. Qc1 Re8 38. Rh3 Qg6 39. Qe3 Qg4 40. Re1
f5 41. Qe2 Qg5 42. Rg3 Qf4 43. Qe3 Qe5 44. Qc3 Qxc3 45. Rxc3 Kh7 46. Rd1 Re6
47. Rc2 e3 48. fxe3 Rxe3 49. Kf2 Re8 50. Rd6 Be4 51. Rcd2 Re7 52. Rd7 Re8 53.
Rxa7 Bb1 54. a3 Re6 55. Rad7 h5 56. R7d6 Rxd6 57. Rxd6 Ba2 58. Rd3 g6 59. Rc3
Kh6 60. b4 cxb4 61. axb4 h4 62. c5 bxc5 63. bxc5 Bd5 64. c6 h3 65. g3 Be6 66.
Ra3 g5 67. c7 f4 68. c8=Q Bxc8 69. Ra8 Bg4 70. gxf4 gxf4 71. Ra4 Kg5 72. Ra5+
Kh4 73. Ra4 Kg5 74. Ke1 1-0

[Event "Frankfurt Ch 2010"]
[Site "Ffm-Kalbach, LAZ"]
[Date "2010.05.31"]
[Round "5.66"]
[White "Dages, Rolf Hermann"]
[Black "Kümmel, Werner"]
[Result "0-1"]
[WhiteElo "1600"]
[BlackElo "1279"]
[PlyCount "66"]
[EventDate "2010.??.??"]
[SourceDate "2009.03.13"]
[WhiteTeam "SC Eschborn 1974"]
[BlackTeam "SC Bad Soden"]

1. f4 Nf6 2. e3 g6 3. d4 Bg7 4. Bd3 d6 5. h3 O-O 6. Nf3 b6 7. Qe2 c5 8. c3 Nc6
9. Bd2 e5 10. dxe5 dxe5 11. fxe5 Nd7 12. O-O Ncxe5 13. Be4 Rb8 14. Na3 f5 15.
Bd5+ Kh8 16. Rad1 Nxf3+ 17. Bxf3 Ne5 18. Bc1 Nxf3+ 19. Qxf3 Qg5 20. e4 Qe7 21.
Qg3 Bb7 22. exf5 gxf5 23. Rxf5 Qe4 24. Rdf1 Rg8 25. Kh1 Be5 26. Qf3 Qh4 27. Qe3
Bxg2+ 28. Kg1 Be4+ 29. Rg5 Rxg5+ 30. Qxg5 Rg8 31. Rf8 Qe1+ 32. Rf1 Rxg5+ 33.
Bxg5 Qg3# 0-1

[Event "Frankfurt Ch 2010"]
[Site "Ffm-Kalbach, LAZ"]
[Date "2010.05.31"]
[Round "5.67"]
[White "Honert, Stefan"]
[Black "Witt, Holger"]
[Result "1/2-1/2"]
[WhiteElo "1271"]
[BlackElo "1590"]
[PlyCount "59"]
[EventDate "2010.??.??"]
[SourceDate "2009.03.13"]
[WhiteTeam "Sfr. Frankfurt 1921"]
[BlackTeam "SC 1934 Viernheim"]

1. d4 e6 2. c4 Nf6 3. Nf3 b6 4. Nc3 Bb4 5. Qb3 Bxc3+ 6. bxc3 c5 7. Bg5 Qc7 8.
Bxf6 gxf6 9. g3 Bb7 10. Bg2 Nc6 11. a4 cxd4 12. O-O dxc3 13. Qxc3 Ne5 14. a5
Qxc4 15. Qxc4 Nxc4 16. axb6 Nxb6 17. Nd4 Bxg2 18. Kxg2 Ke7 19. Ra6 Rhc8 20.
Rfa1 Nd5 21. Rxa7 Rxa7 22. Rxa7 Rc7 23. Ra8 f5 24. Rh8 Nf6 25. Nf3 Rc2 26. Kf1
Rc1+ 27. Kg2 Rc2 28. Kf1 Rc1+ 29. Kg2 Rc2 30. Kf1 1/2-1/2

[Event "Frankfurt Ch 2010"]
[Site "Ffm-Kalbach, LAZ"]
[Date "2010.05.31"]
[Round "5.68"]
[White "Ahlheim, Marcus"]
[Black "Leßmann, Sven"]
[Result "1-0"]
[WhiteElo "1548"]
[BlackElo "1265"]
[PlyCount "55"]
[EventDate "2010.??.??"]
[SourceDate "2009.03.13"]
[WhiteTeam "Sfr.1891 Friedberg"]
[BlackTeam "SC Bad Soden"]

1. d4 d5 2. e3 Nf6 3. Bd3 g6 4. c3 Bg7 5. Nd2 O-O 6. f4 e6 7. Ngf3 Nc6 8. O-O
b6 9. Qe1 Bb7 10. Ne5 Nxe5 11. fxe5 Nd7 12. Qg3 c5 13. Qg4 Qe7 14. Nf3 f6 15.
exf6 Nxf6 16. Qh4 Qc7 17. Ne5 Ne4 18. Bxe4 Rxf1+ 19. Kxf1 Rf8+ 20. Bf3 Bxe5 21.
dxe5 Ba6+ 22. Kg1 Qxe5 23. Bd2 Bd3 24. Qg3 Qf6 25. Re1 Qd8 26. Qe5 Qd7 27. Bg4
Rf6 28. Qxf6 1-0